Возможности применения Genesis32 для создания АСУ ТП; Молодежь и современные информационные технологии

Manylion Llyfryddiaeth
Parent link:Молодежь и современные информационные технологии.— 2006.— С. 265-266
Prif Awdur: Леонов С. В. Сергей Владимирович
Awduron Eraill: Паршинкова О. А.
Iaith:Rwseg
Cyhoeddwyd: 2006
Pynciau:
Fformat: Pennod Llyfr
KOHA link:https://koha.lib.tpu.ru/cgi-bin/koha/opac-detail.pl?biblionumber=108975

MARC

LEADER 00000naa2a2200000 4500
001 108975
005 20231222085852.0
035 |a (RuTPU)RU\TPU\book\117630 
090 |a 108975 
100 |a 20070129d2006 k y0rusy50 ca 
101 0 |a rus 
102 |a RU 
200 1 |a Возможности применения Genesis32 для создания АСУ ТП  |f С. В. Леонов, О. А. Паршинкова 
320 |a Библиогр.: 2 назв. 
463 0 |0 (RuTPU)RU\TPU\book\108762  |t Молодежь и современные информационные технологии  |o сборник трудов IV Всероссийской научно-практической конференции студентов, аспирантов и молодых ученых, г. Томск, 28 февраля - 2 марта 2006 г.  |f Томский политехнический университет; Молодежь и современные информационные технологии  |v С. 265-266  |d 2006  |p 418 с. 
610 1 |a АСУТП 
610 1 |a обмен данными 
610 1 |a эффективность 
610 1 |a предприятия 
610 1 |a диспетчерский контроль 
610 1 |a труды учёных ТПУ 
700 1 |a Леонов  |b С. В.  |c специалист в области информатики и вычислительной техники  |c доцент Томского политехнического университета, кандидат технических наук  |f 1976-  |g Сергей Владимирович  |3 (RuTPU)RU\TPU\pers\27766  |9 12827 
701 1 |a Паршинкова  |b О. А. 
801 1 |a RU  |b 63413507  |c 20070129  |g PSBO 
801 2 |a RU  |b 63413507  |c 20150930  |g RCR 
942 |c BK